000 002830000a22000970004500
100 1 _aOdell, Margaret S.
245 1 0 _aThe particle and the prophet : Observations on Ezekiel 2:6
300 _aVol. 48, Num. 3 (Julio, 1998), Páginas 425-432
773 0 _tVetus Testamentum
942 _cANA
999 _c58222
_d58222